Trouver l'ile - Statistiques

Statistiques générales
  • Ce quiz a été pris 107 fois
  • Le résultat moyen est 19 sur 40
Statistiques - réponses
Océan ou mer Nombre de Pays "étant"sur l’île Indice Réponse % Correct
Mer Méditerranée 1 Est un pays de l'union Européenne Chypre
89%
Océan Pacifique 1 Etat des Etats-Unis Hawaï
88%
Océan Atlantique 2 Terre des sports gaéliques Irlande
88%
Océan Indien 1 Film d'animation Madagascar
86%
Mer méditerranée 1 Napoléon Corse
85%
Mer méditerranée 1 île de l'Etna Sicile
84%
Océan Arctique et Atlantique 1 2ème plus grande île du monde (Si on compte l'Australie) Groenland
81%
Mer méditéranée 1 Deuxième île italienne du Quiz Sardaigne
78%
Océan Atlantique 1 représente la majorité du territoire du Royaume-Uni. Grande Bretagne
74%
Océan Atlantique 1 Record du 100 mètres Masculin Jamaïque
73%
Océan Pacifique 1 les marins portugais l’appelaient Ilha Formosa, "la belle île" Taiwan
71%
Océan Indien 1 également le nom d'un pays avec un lion sur son drapeau Sri Lanka
68%
Océan Pacifique 3 Où se situe le sultanat du Brunei Bornéo
67%
Océan Indien et Pacifique 1 Ile la plus peuplée au monde Java
66%
Mer méditerranée 1 le lieu où Zeus est né Crète
64%
Océan Atlantique 1 Terre de Baseball Cuba
64%
Océan Atlantique 1 Île peu densément peuplé Islande
58%
Mer méditerranée 1 une identité "festive, multiculturelle, ludique et cosmopolite" Ibiza
57%
Océan Indien et Pacifique 1 Terre d'origine d'un des personnages des looney tunes Tasmanie
57%
Océan Pacifique 1 Plus petite république au monde Nauru
56%
Océan pacifique et Indien 1 Son nom vient d'un mot malais qui signifie Océan Sumatra
54%
Océan Indien 1 Commence par la dernière lettre de l'alphabet Zanzibar
52%
Océan Pacifique 1 On y pratique le vaʼa ou encore le Surf Tahiti
46%
Océan Indien 1 Est une Terre Australe et Antarctique Française Kerguelen
44%
Océan Pacifique et Indien 1 Ile touristique en 4 lettres Bali
40%
Océan Pacifique 1 Il y a au moins 100000 Millions d'habitants Honshū
38%
Océan Atantique 1 île Française au nom cours (ne pas oublier le "De" devant) De ré
33%
Dans l'imaginaire de Hergé ? Album de tintin Noire
31%
Océan Pacifique et Océan Indien 2 Dans la partie occidentale de l'ile, les noms de famille des habitants ont conservé des noms Portugais Timor
31%
Inconnu 0 Cette endroit est fictif Atlantide
30%
Océan Pacifique 2 Le point culminant est le Puncak Jaya Nouvelle-Guinée
30%
Océan Indien 1 Ile yéménite Socotra
23%
Océan Pacifique 1 Sa voisine du Nord est plus peuplée Du sud
7%
Océan Atlantique 1 L'île la plus au sud du Quizz Géorgie du sud
5%
Océan Pacifique 1 île la plus célèbre des Iles Marshall Bikini
4%
Océan Indien 1 Crabe Rouge Christmas
4%
Sur la Marne 1 se situe entre la commune de Créteil et de Saint-Maur des fossés en France Sainte-Catherine
3%
Océan Indien 1 Prénom féminin Marion
1%
Océan Pacifique 1 Chapeau si tu trouves Ngerekebesang
1%
Océan Arctique 1 île du nord de Nouvelle-Zemble Severny
1%
Aucun quiz correspondant
Distribution des résultats
% des personnes avec chaque résultat
Percentile par nombre de réponses
Votre historique - résultats
Vous n’avez pas pris ce quiz